| 000 | 00884nam a2200265Ia 4500 | ||
|---|---|---|---|
| 003 | OSt | ||
| 005 | 20220923211049.0 | ||
| 006 | a|||||r|||| 00| 0 | ||
| 007 | ta | ||
| 008 | 220922b |||||||| |||| 00| 0 hin d | ||
| 020 |
_a8176751049 (hbk) _c250 |
||
| 024 | _a234,639 | ||
| 037 |
_b415, 28/02/2008, University Book House _cTextual |
||
| 040 |
_aARTS _cARTS _bhin |
||
| 041 |
_2hin _ahin |
||
| 082 | _aO152,3N55,HI, P4 | ||
| 100 |
_aहरनोट, एस. आर. _9157806 |
||
| 245 | 0 | _aहिडिम्ब | |
| 246 | _aHiḍimba | ||
| 260 |
_aपंचकूला _b आधार प्रकाशन _c2004 |
||
| 300 |
_a264पृ. _ccm. |
||
| 650 |
_aहिन्दी साहित्य _9156264 |
||
| 942 |
_hO152,3N55,HI, P4 _cTEXL _2CC |
||
| 999 |
_c294737 _d294737 |
||